000
00308nam a22001217a 4500
008
230620b xxu||||| |||| 00| 0 eng d
082
_a
323.16
_b
HOD
100
_c
Thomas Hodgkin
245
_a
Nationalism in Colonial Africa
260
_a
London
_b
Frederick Muller LTD
_c
1956
300
_a
215p
942
_2
ddc
_c
BK
999
_c
1802
_d
1802